Catálogo público

Producción de leche y comportamiento reproductivo de vacas Jersey en pastoreo en clima semicálido / Neon Larios Sarabia (Record no. 216962)

MARC details
000 -CABECERA
campo de control de longitud fija 00847nam a2200205Ia 4500
001 - NÚMERO DE CONTROL
campo de control Z_5438
008 - DATOS DE LONGITUD FIJA--INFORMACIÓN GENERAL
campo de control de longitud fija 220601s9999 xx 000 0 und d
090 ## - LOCALMENTE ASIGNADO TIPO-LC NÚMERO DE CLASIFICACIÓN (OCLC); NÚMERO DE CLASIFICACIÓN LOCAL (RLIN)
Número de clasificación (OCLC) (R) ; Numero de clasificación, CALL (RLIN) (NR) Tesis L 1953
100 ## - ENTRADA PRINCIPAL--NOMBRE DE PERSONA
Nombre de persona Larios Sarabia, Neon
9 (RLIN) 64928
245 ## - MENCIÓN DE TÍTULO
Título Producción de leche y comportamiento reproductivo de vacas Jersey en pastoreo en clima semicálido / Neon Larios Sarabia
260 ## - PUBLICACIÓN, DISTRIBUCIÓN, ETC.
Lugar de publicación, distribución, etc. Chapingo, Méx. : El autor
300 ## - DESCRIPCIÓN FÍSICA
Extensión 49 h.
502 ## - NOTA DE TESIS
Nota de tesis Tesis (Ing. Agr. Esp. en Zootecnia) -- UACH. Departamento de Zootecnia
650 ## - PUNTO DE ACCESO ADICIONAL DE MATERIA--TÉRMINO DE MATERIA
Término de materia o nombre geográfico como elemento de entrada 1. Leche - Producción 2. Animales - Hábitos y conducta 3. Ganado vacuno - Reproducción 4. Ganado vacuno - Razas 5. Ganado vacuno - Pastoreo 6. Ganado vacuno - TrópicosÌ
9 (RLIN) 182355
901 ## - ELEMENTOS DE DATOS A LOCAL LDA (RLIN)
a TESIS L 1953
902 ## - ELEMENTOS DE DATOS B LOCAL, LDB (RLIN)
a M
905 ## - ELEMENTOS DE DATOS E LOCAL, LDE (RLIN)
a 0000002006 0000000000 00
942 ## - ELEMENTOS DE PUNTO DE ACCESO ADICIONAL (KOHA)
Tipo de ítem Koha Tesis_
Holdings
Estado de retiro Estado de pérdida Fuente del sistema de clasificación o colocación Estado dañado Restricciones de uso No para préstamo Código de colección Localización permanente Ubicación/localización actual Ubicación en estantería Fecha de adquisición Total de préstamos Código de barras Fecha visto por última vez Número de copia Precio válido a partir de Tipo de ítem Koha Nota pública
    Clasificación Universidad Autónoma de Chapingo   Préstamo interno   Tesis Zootecnia Zootecnia   09/10/2006   zt_0648 02/06/2022 1 02/06/2022 Tesis 3
    Clasificación Universidad Autónoma de Chapingo       Tesis Zootecnia Zootecnia   09/10/2006   zt_0635 02/06/2022 2 02/06/2022 Tesis 3